|
|
|
|
| LEADER |
00000cam a2200000 7i4500 |
| 001 |
0000000831 |
| 008 |
021118s1994 |
| 020 |
|
|
|a 9836241973
|
| 090 |
0 |
0 |
|a Q180.57
|b .H2 1994
|
| 100 |
0 |
|
|a Halimaton Hamdan
|e author
|
| 245 |
0 |
0 |
|a Keselamatan makmal
|c Halimaton Hamdan, Zaiton Abdul Majid
|
| 260 |
2 |
|
|a Kuala Lumpur
|b Dewan Bahasa dan Pustaka
|c 1994
|
| 300 |
|
|
|a xii, 188 p. ;
|c 22 cm.
|
| 650 |
|
0 |
|a Laboratories
|x Furniture, equipment, etc.
|
| 650 |
|
0 |
|a Laboratories
|x Safety measures
|
| 650 |
|
0 |
|a Laboratories
|x Safety regulations
|
| 700 |
0 |
|
|a Zaiton Abdul Majid
|e author
|
| 999 |
|
|
|a 1000000902
|b Book
|c OPEN SHELF (30 DAYS)
|e Gong Badak Campus
|
| 999 |
|
|
|a 1000006213
|b Book
|c OPEN SHELF (30 DAYS)
|e Gong Badak Campus
|